Giải pháp nền móng cho nhà cao tầng
XD Giải pháp nền móng hợp lý
Tallennettuna:
| Päätekijä: | |
|---|---|
| Aineistotyyppi: | Kirja |
| Kieli: | Undetermined |
| Julkaistu: |
TP.HCM
Đại học Quốc gia TP.HCM
2009
|
| Aiheet: | |
| Linkit: | http://lrc.tdmu.edu.vn/opac/search/detail.asp?aID=2&ID=3601 |
| Tagit: |
Lisää tagi
Ei tageja, Lisää ensimmäinen tagi!
|
| Thư viện lưu trữ: | Trung tâm Học liệu Trường Đại học Thủ Dầu Một |
|---|
| LEADER | 00685nam a2200205Ia 4500 | ||
|---|---|---|---|
| 001 | TDMU_3601 | ||
| 008 | 210410s9999 xx 000 0 und d | ||
| 082 | |a 690.11 | ||
| 090 | |b T685 | ||
| 100 | |a Trần, Quang Hộ | ||
| 245 | 0 | |a Giải pháp nền móng cho nhà cao tầng | |
| 245 | 0 | |c Trần Quang Hộ | |
| 260 | |a TP.HCM | ||
| 260 | |b Đại học Quốc gia TP.HCM | ||
| 260 | |c 2009 | ||
| 300 | |a 532tr. | ||
| 520 | |a XD Giải pháp nền móng hợp lý | ||
| 650 | |a Nền móng |x Nhà cao tầng | ||
| 856 | |u http://lrc.tdmu.edu.vn/opac/search/detail.asp?aID=2&ID=3601 | ||
| 980 | |a Trung tâm Học liệu Trường Đại học Thủ Dầu Một | ||